MDQL
is popping MORE tags! Check the
thread
!
Quizzes
Events
Quiz Creation
Community
Videos
Private Events
Remove Ads
Sign In
Join for FREE
Feedback
Dark Mode
Quiz Categories
Sports
Geography
Music
Movies
Television
Just For Fun
Miscellaneous
History
Literature
Language
Science
Gaming
Entertainment
Religion
Holiday
For Kids
Quiz Lab
Recent
Popular Today
Quiz Kudos Today
Editor Picks
Curator Picks
Quizzes by...
Day
Popularity
Type
Ratings
Length
Year
Community
Subscriptions
Recent Discussions
Orange Saloon
Badges
Playlists
Quests
Create
Leaderboards
Showdown
Live 5
Trivia Bingo
Activity
Puzzle Library
Sporcle Events
Private Events
Virtual Trivia
Globe League
Become a Host
Pub Owners
SporcleCon
Opinionation
Our Games
Videos
Blog
Mobile Apps
Partnerships
Remove Ads and Go Orange
Feedback
Geography
Country
Landmarks
City
State
Population
World
Capital
Continent
Flags
Europe
Africa
Asia
South America
North America
Oceania
Border
Canada
United Kingdom
Topography
United States
Geography
Country
Landmarks
City
State
Population
World
Capital
Continent
Flags
Europe
Africa
Asia
South America
North America
Oceania
Border
Canada
United Kingdom
Topography
United States
Random Quiz
Search Sporcle
×
Quiz Lab
Quiz Lab
Geography
City
Type in answers that appear in a list
Type in answers that appear in a list
Classic
Best Score? Go Orange.
Texas counties by region-South Stats
Can you name the Texas counties by region-South
By
Linkrules1986loz
15m
39 Questions
29 Plays
29 Plays
29 Plays
Comments
Comments
Give Quiz Kudos
Give Quiz Kudos
-
- Ratings
hide this ad
Replay
Link that replays current quiz
Next Quiz
Link to next quiz in quiz playlist
You Got
0%
They Got
Avg Score
86%
Avg Friend Score
Upgrade to see
Score Distribution
Jump to the score distribution portion of the page
Score
0/39
Timer
15:00
0
Plays Today
Major City
County
% Correct
Seguin
Guadalupe
100%
San Antonio
Bexar
100%
Beeville
Bee
100%
Gonzales
Gonzales
96.6%
Concan, Uvalde
Uvalde
96.6%
Laredo
Webb
96.6%
Corpus Christi
Nueces
96.6%
McAllen, Edinburg
Hidalgo
96.6%
Karnes City, Kenedy
Karnes
93.1%
Three Rivers, George West
Live Oak
93.1%
Goliad
Goliad
93.1%
Refugio
Refugio
93.1%
Zapata
Zapata
93.1%
Sarita
Kenedy
93.1%
Victoria
Victoria
93.1%
Rockport
Aransas
89.7%
Ingleside, Portland, Mathias, Taft, Sinton
San Patricio
89.7%
Rio Grande City
Starr
89.7%
Brownsville
Cameron
89.7%
Freer, San Diego
Duval
86.2%
Major City
County
% Correct
Kingsville
Kleberg
86.2%
Falfurrias
Brooks
86.2%
Pleasanton, Jordantown
Atascosa
82.8%
Port Lavaca
Calhoun
82.8%
Alice
Jim Wells
82.8%
Pearsall, Dilley
Frio
79.3%
Floresville
Wilson
79.3%
Carrizo Springs
Dimmit
79.3%
Tilden
McMullen
79.3%
Raymondville
Willacy
79.3%
Brackettville
Kinney
75.9%
Hondo, Devine
Medina
75.9%
Shiner, Hallettsville
Lavaca
75.9%
Eagle Pass
Maverick
75.9%
Crystal City
Zavala
75.9%
Cotulla
La Salle
75.9%
Hebbronville
Jim Hogg
75.9%
Yorktown, Cuero
DeWitt
72.4%
Edna, Ganddo
Jackson
72.4%
Quiz Playlist
Details
Report
Send in Message
Add To Playlist
Classic:
Type in answers that appear in a list
Last Updated: Feb 16, 2017
Quiz Scoreboard
CHALLENGE
Sign Up to Join the Scoreboard
Show All
Scores
Hide
Comments
May contain spoilers
Recently Published
Holiday 10x10 Sorting Gallery
by lukepisani3
Holiday
15m
Two Season TV Shows II
by 123Four
Television
10m
Image Sorting: Flags VI
by Barbecue
Geography
2m
More to Explore
Quiz From the Vault
Featured Blog Post
14 Easter Pick-up Lines to Find Eggs With
hide this ad
You Might Also Like...
Tags
City Quiz
counties
major
tea
Today's Top Quizzes in Geography
Browse Geography
hide this ad
Today's Top Quizzes in City
Browse City
Top Contributed Quizzes in Geography
1
Colored Red Europe Blitz I
2
Countries of the World - No Outlines Minefield
3
Colored Red Africa Blitz II
4
Colored Red Europe Blitz II
5
Colored Red Europe Blitz III
6
Colored Red Africa Blitz III
7
Colored Red States Blitz I
8
A Different View: World Oceans
9
Colored Red States Blitz II
10
Colored Red States Blitz III
Explore More
Trending Topics
NBA
Anime
Harry Potter
Disney
Marvel
Crossword
Kpop
Country
Pokémon
Puzzle
NFL
WWE
Song
The Office
Soccer
hide this ad
More By:
Linkrules1986loz
Quiz
Plays
Rating
Category
Featured
Created
Zoo Tycoon 2 Animals by Stars of Fame
279
5.00
Gaming
Aug 1, 2012
Digimon Adventure Episodes
236
Television
Sep 1, 2012
Digimon Adventure 2 Episodes
133
Television
Sep 1, 2012
Ohio Counties by Region-Northeast
130
Geography
Jul 15, 2012
Zoo Tycoon 2 Complete Collection Food Items
119
Gaming
Jul 12, 2012
Go to Creator's Profile
Score Distribution
Quiz Creator Spotlight
Linkrules1986loz
Follow
Send a Message
Quizzes Created
-
Created Quiz Play Count
-
More By This Creator
Popular Quizzes Today
1
Find the US States - No Outlines Minefield
2
Colored Red Africa Blitz
3
Find the 'City' Movie
4
The Countries of the World
5
5x2 Blitz: Bands
6
Find the Countries of Europe - No Outlines Minefield
7
Find the US States
8
US States
More Geography Quizzes
Scotland's Cities Crossword
Curator's Pick
Trending Quizzes
Colored Red Europe Blitz I
Colored Red Europe Blitz II
Colored Red Africa Blitz II
Even More Two Season TV Shows
Colored Red Africa Blitz III
Recently Updated
Odd Team Out - Big 4 Players
pecheneg
Quick Pick: 20 Twenties
pecheneg
March Madness Men's Triple Doubles
pecheneg
How Do You Spell That?
pecheneg
Godzilla Movies
pecheneg
Grab Bag: 4-10 Letters
pecheneg
2024 March Madness Bracket
pecheneg
Famous TV Couples
Peacemaker
Champions League XIs: Real Madrid
pecheneg
Largest US Cities 1790-2010
pecheneg
Trending Topics
Marvel
Crossword
Anime
Kpop
NBA
Disney
Harry Potter
Puzzle
NFL
The Office
Soccer
Song
Country
Pokémon
WWE
Your Account Isn't Verified!
In order to create a playlist on Sporcle, you need to verify the email address you used during registration. Go to your
Sporcle Settings
to finish the process.
Report this User
Report this user for behavior that violates our
Community Guidelines
.
Details:
Send Report
Go to the Sporcle.com Mobile Site →
Comments